000
00344nam a2200133Ia 4500
008
100328s9999 xx 000 0 und d
082
_b
20720
100
_a
साठे ताराबाई
245
_a
संसद
260
_b
कॉन्टिनेन्टल
630
_a
संसद
730
_a
संसद
942
_c
BOOK
999
_c
514817
_d
514814